Biblioteca

La libertad del perdon (Registro nro. 67902)

Detalles MARC
000 -LÍDER
Campo fijo de descripción fija 01662nam a2200313 i 4500
001 - NÚMERO DE CONTROL
Campo de control 768714001
003 - IDENTIFICADOR DEL NÚMERO DE CONTROL
Campo de control CO-MdFUSB
005 - FECHA Y HORA DE LA ULTIMA TRANSACCIÓN
control field 20220719105157.0
007 - CAMPO FIJO DE DESCRIPCIÓN FIJA--INFORMACIÓN GENERAL
Campo fijo de descripción fija ta
008 - ELEMENTOS DE LONGITUD FIJA -- INFORMACIÓN GENERAL
Campo fijo de descripción fija -- Información general 220525t2018 -usaoc|| |||| 00| 0 spa d
020 ## - NÚMERO INTERNACIONAL NORMALIZADO PARA LIBROS
Número Internacional Normalizado del libro 9780825458095
040 ## - FUENTE DE CATALOGACIÓN
Agencia de catalogación original CO-MdFUSB
Idioma de catalogación spa
Agencia que realiza la transcripción CO-MdFUSB
Agencia que realiza la modificación CO-MdFUSBC
Convenciones de la descripción rda
041 ## - CÓDIGO DE IDIOMA
Código de idioma para texto/pista de sonido o título separado spa
082 ## - NÚMERO DE CLASIFICACIÓN DECIMAL DEWEY
Número de la edición del Dewey 23
Número de clasificación 248
Clave de autor-Numero de item W861
100 ## - ASIENTO PRINCIPAL--NOMBRE PERSONAL
Nombre personal Wolgemuth, Nancy DeMoss ‎
Término relacionador autor
245 #3 - TÍTULO
Título del Material La libertad del perdon
Mención de responsabilidad, etc. / Nancy DeMoss Wolgemuth
264 #1 - PRODUCCIÓN, PUBLICACIÓN, DISTRIBUCIÓN, MANUFACTURA, Y COPYRIGHT
Lugar de producción, publicación, distribución, manufactura Estados Unidos :
Nombre del productor, publicador, distribuidor Portavoz,
Fecha de producción, publicación, distribución, manufactura, o copyright [2018]
264 #4 - PRODUCCIÓN, PUBLICACIÓN, DISTRIBUCIÓN, MANUFACTURA, Y COPYRIGHT
Fecha de producción, publicación, distribución, manufactura, o copyright © 2018
300 ## - DESCRIPCIÓN FÍSICA
Extensión 160 páginas
Dimensiones ; 24 cm
336 ## - TIPO DE CONTENIDO
Fuente rdacontent
Término de tipo de contenido texto
Código de tipo de contenido txt
337 ## - TIPO DE MEDIO
Fuente rdamedia
Nombre del tipo de medio sin mediación
Código del tipo de medio n
338 ## - TIPO DE SOPORTE
Fuente rdacarrier
Nombre del tipo de soporte volumen
Código Tipo de soporte nc
520 ## - NOTA DE RESUMEN, ETC.
Nota de sumario, etc. En un mundo postrado y en pecado, el dolor es inevitable. Todos hemos sido y seremos ofendidos, heridos y tratados injustamente. Además, si no somos cuidadosos, nuestra amargura puede convertirse en ira y odio y, finalmente, en venganza y violencia.<br/><br/>No hay una palabra mágica que te ayude a perdonar y encontrar la paz, pero sí existen principios bíblicos que pueden liberarte de la amargura y el dolor. Si eres hijo de Dios, mediante su gracia, tienes el poder de escoger cómo responder a lo que te ha pasado. Sin embargo, solo hay un camino que lleva al perdón y a la restauración: el camino de Dios.<br/><br/>Nancy DeMoss Wolgemuth te muestra ese camino. En este libro, ella profundiza en la Palabra de Dios para desmentir los mitos y descubrir las promesas del perdón. No es fácil, ¡pero podría salvarte la vida!
563 ## - NOTA DE ENCUADERNACIÓN
Nota de encuadernación Rústico
650 #0 - ASIENTO SECUNDARIO DE MATERIA - TERMINO TEMÁTICO
9 (RLIN) 19
Término temático o nombre geográfico como elemento de entrada Vida cristiana
650 #7 - ASIENTO SECUNDARIO DE MATERIA - TERMINO TEMÁTICO
9 (RLIN) 303
Término temático o nombre geográfico como elemento de entrada Perdón
942 ## - TIPO DE MATERIAL (KOHA)
Tipo de Item KOHA Libros General
945 ## - INFORMACIÓN LOCAL DEL REGISTRO
Catalogador JTF-925
Existencias
Estado de Material Estado de Perdido Forma de Clasificación Estado de Dañado No para Préstamo Colección Biblioteca de Origen Biblioteca Permanente Fecha de Adquisición Área Total de Préstamos Signatura Topográfica Código de Barras Última vez visto Ejemplar/Existencia Fecha de Remplazo Tipo de Material
    Dewey Decimal Classification     Colección General Biblioteca FUSBC Biblioteca FUSBC 25/05/2022 VIDA CRISTIANA   G 248 W861l 24740 25/05/2022 Ej. 1 25/05/2022 Libros General

Biblioteca FUSBC | Teléfono: (57+4) 349 88 10 Ext. 141| WhatsApp (+57) 3005338115 
E-mail: biblioteca@unisbc.edu.co | Calle 76 87-14 Robledo Palenque, Medellín, Colombia

Con tecnología Koha